[Event "Quebec-ch U10"]
[Site "Montreal"]
[Date "2009.11.27"]
[Round "1"]
[White "Lingyun, Shi"]
[Black "Chiku Ratte, Olivier Kenta"]
[Result "0-1"]
[WhiteElo "1201"]
[BlackElo "1854"]
[PlyCount "72"]
[EventDate "2009.11.27"]
[EventType "swiss"]
[EventRounds "5"]
[EventCountry "CAN"]
[SourceTitle "EXT 2011"]
[Source "ChessBase"]
[SourceDate "2010.11.26"]
[SourceVersion "1"]
[SourceVersionDate "2010.11.26"]
[SourceQuality "1"]

1. e4 c5 2. Nf3 d6 3. d4 cxd4 4. Nxd4 Nf6 5. Nc3 g6 6. Be3 Bg7 7. Be2 Nc6 8. 0-0 0-0 9. f4 Qb6 10. Qd2 Nxe4 11. Nxe4 Bxd4 12. Bxd4 Qxd4+ 13. Qxd4 Nxd4 14. Bd3 Bf5 15. c3 Nc6 16. Rad1 Rac8 17. Rfe1 a6 18. Bc4 b5 19. Bd5 Bxe4 20. Bxe4 Rfe8 21. Bxc6 Rxc6 22. Rd4 e6 23. Red1 d5 24. Re1 Rec8 25. g3 Rc4 26. Rd3 b4 27. cxb4 Rxb4 28. b3 a5 29. Kf2 a4 30. bxa4 Rxa4 31. Rb1 Rca8 32. Rd2 Ra3 33. Ke2 Kf8 34. Rc2 R8a7 35. Kd1 Ke7 36. Kc1 Kd6 0-1